Vista normal Vista MARC

Entrada Personal Name

Número de registros utilizados en: 1

001 - CONTROL NUMBER

  • control field: 16122

003 - CONTROL NUMBER IDENTIFIER

  • control field: OSt

005 - DATE AND TIME OF LATEST TRANSACTION

  • control field: 20210310220905.0

008 - FIXED-LENGTH DATA ELEMENTS

  • fixed length control field: 210310|| aca||aabn | a|a d

040 ## - CATALOGING SOURCE

  • Original cataloging agency: OSt
  • Transcribing agency: OSt

100 ## - HEADING--PERSONAL NAME

  • Personal name: Rosegrant, Mark; Cai, Ximing; Cline, Sarah

670 ## - SOURCE DATA FOUND

  • Source citation: Work cat.: (OSt): Rosegrant, Mark; Cai, Ximing; Cline, Sarah, World water and food to 2025 - Dealing with scarcity , 2002